000 00591nam a2200181Ia 4500
008 090123s9999 xx 000 0 und d
082 _b22261
100 _aजोगळेकर योगिनी
245 _aअनोख्या मैफली
250 _a1
260 _bनवचैतन्य प्रकाशन
_c1993
300 _a135
600 _aजोगळेकर योगिनी
630 _aअनोख्या मैफली
700 _aजोगळेकर योगिनी
730 _aअनोख्या मैफली
942 _cBOOK
999 _c60333
_d60333